• 首页
  • 本馆介绍
  • 公告通知
  • 最新文献
  • 馆藏检索
  • 电子资源
  • 读者导购
  • 参考咨询
  • 我的图书馆
  • 登录
  • 详细信息显示
  • 放入我的书架
  • 预约/预借图书
  • 作者相关作品
  • 分类相关作品
  • 丛书相关作品
  • 出版社相关作品

书目信息

  • 表格格式
  • 工作单格式
  • 卡片格式
题名:
公共服务中的市场机制
    
 
作者: 句华 著
分册:  
出版信息: 北京   北京大学出版社  2006
页数: 214页
开本: 23cm
丛书名: 公共管理论丛
单 册:
中图分类: C916 , F014.3
科图分类:
主题词: 社会服务--关系--市场机制--研究 , 社会服务 , 市场机制
电子资源:
ISBN: 7-301-10555-X
000 01073oam2 2200301 450
001 1257766422
005 20121003160326.45
010    @a7-301-10555-X@dCNY25.00
100    @a20060104d2006 em y0chiy50 ea
101 0  @achi
102    @aCN@b110000
105    @ay z 000yy
200 1  @a公共服务中的市场机制@Agong gong fu wu zhong de shi chang ji zhi@e理论、方式与技术@dMarket mechanism in public services@eTheory, methods and techniques@f句华著@zeng
210    @a北京@c北京大学出版社@d2006
215    @a214页@d23cm
225 2  @a公共管理论丛
300    @a北京市社会科学理论著作出版基金资助
330    @a本书结合中国的实践案例,重点研究20世纪70年代以来政府负责安排的公共服务中如何引入市场机制的问题。
461  0 @12001 @a公共管理论丛
510 1  @aMarket mechanism in public services@eTheory, methods and techniques@zeng
606 0  @a社会服务@x关系@x市场机制@x研究
606 0  @a社会服务
606 0  @a市场机制
690    @aC916@v4
690    @aF014.3@v4
701  0 @a句华@Aju hua@c(女)@4著
801  0 @aCN@bNLC@c20101222
905    @a10447@dC916@eJY180
    
    公共服务中的市场机制:理论、方式与技术=Market mechanism in public services:Theory, methods and techniques/句华著.-北京:北京大学出版社,2006
    214页;23cm.-(公共管理论丛)
    北京市社会科学理论著作出版基金资助
    
    ISBN 7-301-10555-X:CNY25.00
    本书结合中国的实践案例,重点研究20世纪70年代以来政府负责安排的公共服务中如何引入市场机制的问题。
●
相关链接 在E读中查询图书 在五车中查询图书 在当当中查询图书 在豆瓣中查询图书


正题名:公共服务中的市场机制     索取号:C916/JY180         预约/预借

序号 登录号 条形码 馆藏地/架位号 状态 备注
1 7810632   278106327   学院路分馆/ [索取号:C916/JY180] 在馆    
2 7810633   278106336   学院路分馆/ [索取号:C916/JY180] 在馆    
唐山师范学院图书馆 欢迎您!
大连网信软件有限公司© 版权所有